[Event "LSS No Engine Cup 111 Final"]
[Site "LSS email"]
[Date "2015.03.09"]
[Round "?"]
[White "Van Bommel, Ton"]
[Black "Poblete, Litos"]
[Result "1-0"]
[WhiteElo "2241"]
[BlackElo "1999"]
[PlyCount "87"]
[EventDate "2015.03.10"]
[EventType "tourn (corr)"]
[EventRounds "6"]
[EventCountry "GER"]
[SourceTitle "Corr 2022"]
[Source "ChessBase"]
[SourceDate "2021.10.24"]
[SourceVersion "1"]
[SourceVersionDate "2021.10.24"]
[SourceQuality "1"]

1. g3 e5 2. Bg2 d5 3. d3 Nf6 4. Nf3 Nc6 5. 0-0 Be7 6. c4 0-0 7. cxd5 Nxd5 8. Nc3 Be6 9. d4 exd4 10. Nxd4 Nxd4 11. Qxd4 Bf6 12. Qa4 c6 13. Nxd5 Bxd5 14. Rd1 Qe7 15. Bxd5 cxd5 16. Be3 Rfd8 17. Rd2 Qe4 18. Bd4 Rdc8 19. Qd1 Bg5 20. e3 Rc4 21. Rc1 a6 22. b3 Rc6 23. Rxc6 bxc6 24. Rc2 Qg6 25. b4 Be7 26. Rc1 Bxb4 27. Qa4 a5 28. Qxc6 Qxc6 29. Rxc6 f6 30. Bc5 Kf7 31. a3 Bxc5 32. Rxc5 Ke6 33. Rc7 Rg8 34. Ra7 h5 35. Rxa5 Rc8 36. Ra7 g5 37. a4 Rc2 38. a5 Ra2 39. a6 Ra1+ 40. Kg2 Ra2 41. Ra8 Kf5 42. a7 g4 43. h3 Ra4 44. hxg4+ 1-0

[Event "LSS No Engine Cup 104 Final"]
[Site "LSS email"]
[Date "2014.09.14"]
[Round "?"]
[White "Glowinski, Daniel"]
[Black "Poblete, Litos"]
[Result "0-1"]
[WhiteElo "1921"]
[BlackElo "1988"]
[PlyCount "74"]
[EventDate "2014.09.15"]
[EventType "tourn (corr)"]
[EventRounds "6"]
[EventCountry "GER"]
[SourceTitle "Corr 2022"]
[Source "ChessBase"]
[SourceDate "2021.10.24"]
[SourceVersion "1"]
[SourceVersionDate "2021.10.24"]
[SourceQuality "1"]

1. e4 e5 2. Nf3 Nc6 3. Bb5 a6 4. Bxc6 dxc6 5. 0-0 f6 6. d4 exd4 7. Qxd4 Qxd4 8. Nxd4 Bd7 9. Be3 0-0-0 10. Rd1 c5 11. Nb3 b6 12. a4 Bd6 13. N1d2 Be6 14. a5 Kb7 15. Nc1 Ne7 16. axb6 cxb6 17. Ne2 Nc6 18. c3 Rd7 19. f3 Rhd8 20. Re1 Bc7 21. Nf1 Ne5 22. Reb1 Bb3 23. Nf4 a5 24. Ra3 a4 25. Nd5 Nc4 26. Raa1 Be5 27. g3 Nxb2 28. Rxb2 Bxd5 29. Bxc5 Bb3 30. Bxb6 Bxc3 31. Rxb3 Bxa1 32. Rb1 Rd1 33. Rxa1 Rxa1 34. Bxd8 a3 35. Ba5 Rc1 36. Bd2 Rc4 37. Ne3 Rc6 0-1

[Event "LSS No Engine Cup 104 Final"]
[Site "LSS email"]
[Date "2014.09.14"]
[Round "?"]
[White "Poblete, Litos"]
[Black "Jenneborg, Seved"]
[Result "1/2-1/2"]
[WhiteElo "1988"]
[BlackElo "2001"]
[PlyCount "99"]
[EventDate "2014.09.15"]
[EventType "tourn (corr)"]
[EventRounds "6"]
[EventCountry "GER"]
[SourceTitle "Corr 2022"]
[Source "ChessBase"]
[SourceDate "2021.10.24"]
[SourceVersion "1"]
[SourceVersionDate "2021.10.24"]
[SourceQuality "1"]

1. d4 Nf6 2. c4 e6 3. Nf3 b6 4. g3 Bb7 5. Bg2 Be7 6. 0-0 0-0 7. Nc3 Ne4 8. Qc2 Nxc3 9. Qxc3 Be4 10. b3 f5 11. Bf4 d6 12. Rad1 Bf6 13. Qd2 a5 14. Ng5 Bxg2 15. Kxg2 Bxg5 16. Bxg5 Qe8 17. f3 Nc6 18. Rfe1 Qg6 19. d5 Nb4 20. dxe6 Qxe6 21. a3 Na6 22. Qd5 Nc5 23. Qxe6+ Nxe6 24. Be3 Nc5 25. Rb1 Rfe8 26. Kf2 Kf7 27. h3 Nd7 28. g4 fxg4 29. hxg4 a4 30. b4 Ne5 31. Rec1 Kg6 32. Bf4 Nd7 33. Rd1 Re7 34. Rd5 Rf8 35. Rg5+ Kf7 36. Rf5+ Kg8 37. Rxf8+ Kxf8 38. Rh1 h6 39. g5 hxg5 40. Bxg5 Re8 41. Rh8+ Kf7 42. Rxe8 Kxe8 43. Ke3 c5 44. bxc5 bxc5 45. Ke4 Nb6 46. Kd3 Kd7 47. e4 Ke6 48. f4 Nd7 49. Bh4 Nb8 50. Bf2 1/2-1/2

[Event "LSS No Engine Cup 112 Preliminary 0"]
[Site "LSS email"]
[Date "2014.06.17"]
[Round "?"]
[White "Poblete, Litos"]
[Black "Pirttimaeki, Mika"]
[Result "1/2-1/2"]
[WhiteElo "1952"]
[BlackElo "1600"]
[PlyCount "69"]
[EventDate "2014.06.18"]
[EventType "tourn (corr)"]
[EventRounds "6"]
[EventCountry "GER"]
[SourceTitle "Corr 2022"]
[Source "ChessBase"]
[SourceDate "2021.10.24"]
[SourceVersion "1"]
[SourceVersionDate "2021.10.24"]
[SourceQuality "1"]

1. e4 c6 2. c4 e5 3. d4 d6 4. dxe5 dxe5 5. Qxd8+ Kxd8 6. Nf3 f6 7. Be3 Bb4+ 8. Nbd2 Kc7 9. Be2 Be6 10. a3 Bxd2+ 11. Nxd2 Ne7 12. 0-0 Nd7 13. Rfd1 b6 14. b4 Rhd8 15. g3 g5 16. c5 b5 17. a4 a6 18. Ra3 Rab8 19. axb5 axb5 20. Nb3 Bxb3 21. Rxb3 Nf8 22. Rbd3 Rxd3 23. Rxd3 Rd8 24. Rxd8 Kxd8 25. Bg4 Nfg6 26. Kg2 Nf8 27. Kf3 Neg6 28. Bd2 Nd7 29. Bc3 Ke7 30. Ke3 Ngf8 31. Kd3 Ne6 32. Bf3 h6 33. Bg4 Ndf8 34. Ke3 Kf7 35. Bh5+ 1/2-1/2

[Event "LSS No Engine Cup 112 Preliminary 0"]
[Site "LSS email"]
[Date "2014.06.17"]
[Round "?"]
[White "Poblete, Litos"]
[Black "Stadler, Pavel"]
[Result "1-0"]
[WhiteElo "1952"]
[BlackElo "1799"]
[PlyCount "27"]
[EventDate "2014.06.18"]
[EventType "tourn (corr)"]
[EventRounds "6"]
[EventCountry "GER"]
[SourceTitle "Corr 2022"]
[Source "ChessBase"]
[SourceDate "2021.10.24"]
[SourceVersion "1"]
[SourceVersionDate "2021.10.24"]
[SourceQuality "1"]

1. e4 e5 2. Nf3 Nc6 3. Bb5 a6 4. Bxc6 dxc6 5. 0-0 f6 6. d4 exd4 7. Nxd4 Bd6 8. Qh5+ Kf8 9. Nc3 Ne7 10. Be3 Qe8 11. Qe2 Kf7 12. f4 Ng6 13. e5 Bc5 14. Qc4+ 1-0

[Event "LSS No Engine Cup 111 Preliminary 0"]
[Site "LSS email"]
[Date "2014.06.02"]
[Round "?"]
[White "Neil, Charles"]
[Black "Poblete, Litos"]
[Result "0-1"]
[WhiteElo "962"]
[BlackElo "1949"]
[PlyCount "54"]
[EventDate "2014.06.03"]
[EventType "tourn (corr)"]
[EventRounds "6"]
[EventCountry "GER"]
[SourceTitle "Corr 2022"]
[Source "ChessBase"]
[SourceDate "2021.10.24"]
[SourceVersion "1"]
[SourceVersionDate "2021.10.24"]
[SourceQuality "1"]

1. Nf3 d5 2. d4 Nf6 3. c4 e6 4. Nc3 Be7 5. Bf4 0-0 6. e3 c6 7. Bd3 dxc4 8. Bxc4 Nbd7 9. a3 Nb6 10. Bd3 Nbd5 11. 0-0 Nxf4 12. exf4 Nd5 13. g3 Nxc3 14. bxc3 c5 15. Qc2 h6 16. Rfd1 Qc7 17. dxc5 Bxc5 18. Ne5 b6 19. Be4 Rb8 20. a4 g5 21. Kg2 f5 22. Bd3 Bb7+ 23. Kg1 gxf4 24. gxf4 Qg7+ 25. Kf1 Qg2+ 26. Ke1 Qg1+ 27. Ke2 Qxf2# 0-1

[Event "OP-2014-0-03404"]
[Site "LSS email"]
[Date "2014.05.31"]
[Round "?"]
[White "O'Brien, Glenn"]
[Black "Poblete, Litos"]
[Result "0-1"]
[WhiteElo "1316"]
[BlackElo "1563"]
[PlyCount "92"]
[EventDate "2014.05.14"]
[EventType "tourn (corr)"]
[EventRounds "4"]
[EventCountry "GER"]
[SourceTitle "Corr 2015"]
[Source "ChessBase"]
[SourceDate "2015.07.17"]
[SourceVersion "1"]
[SourceVersionDate "2015.07.17"]
[SourceQuality "1"]

1. e4 c5 2. Nf3 d6 3. d4 cxd4 4. Nxd4 Nf6 5. Nc3 a6 6. Bg5 e6 7. f4 Nbd7 8. Qf3 Qb6 9. Nb3 Be7 10. 0-0-0 0-0 11. Bd3 Qc7 12. g4 b5 13. e5 Bb7 14. Qh3 dxe5 15. Bxf6 Nxf6 16. g5 Nh5 17. Qxh5 g6 18. Qg4 Bxh1 19. Rxh1 exf4 20. h4 Qe5 21. Rf1 f6 22. Rxf4 fxg5 23. Re4 Rf4 24. Qxe6+ Qxe6 25. Rxe6 Kf7 26. Rxe7+ Kxe7 27. Nd5+ Kd6 28. Nxf4 gxf4 29. Nd4 Re8 30. Kd2 Re3 31. h5 Kd5 32. Ne2 g5 33. Bxh7 Rh3 34. Bg6 Ke5 35. Nc1 Rh2+ 36. Kd3 g4 37. Nb3 f3 38. Nd2 Kf4 39. Be4 Rxh5 40. Bb7 Rh6 41. Bd5 Rd6 42. c4 bxc4+ 43. Kxc4 Rxd5 44. Kxd5 g3 45. Nxf3 Kxf3 46. Kc6 g2 0-1

[Event "LSS No Engine Cup 106 Preliminary 6"]
[Site "LSS email"]
[Date "2014.03.04"]
[Round "?"]
[White "Arango Marin, Sixto Gregorio"]
[Black "Poblete, Litos"]
[Result "0-1"]
[WhiteElo "797"]
[BlackElo "1557"]
[PlyCount "100"]
[EventDate "2014.03.05"]
[EventType "tourn (corr)"]
[EventRounds "6"]
[EventCountry "GER"]
[SourceTitle "Telechess CBM 167"]
[Source "ChessBase"]
[SourceDate "2015.07.13"]
[SourceVersion "1"]
[SourceVersionDate "2015.07.13"]
[SourceQuality "1"]

1. e4 c6 2. Bc4 d5 3. exd5 cxd5 4. Bb5+ Nc6 5. Bxc6+ bxc6 6. d4 Bf5 7. Nf3 e6 8. 0-0 Nf6 9. Bg5 Be7 10. Bxf6 Bxf6 11. c3 Qb6 12. Qb3 0-0 13. Qxb6 axb6 14. Nbd2 c5 15. a3 Rfc8 16. a4 c4 17. h3 Ra7 18. Ne5 Rca8 19. b3 cxb3 20. Nxb3 Rxa4 21. Rxa4 Rxa4 22. Nd7 Bd8 23. Ne5 Bc7 24. f3 f6 25. Nc6 Kf7 26. Ra1 Rxa1+ 27. Nxa1 Bg3 28. Nb3 Be1 29. Kf1 Bxc3 30. Ke2 Bc2 31. Nc1 Ba4 32. Na2 Ba1 33. Ncb4 Bxd4 34. Kd3 Bc5 35. g3 Bb5+ 36. Kc3 Bf1 37. h4 Bf2 38. Nd3 Bxg3 39. Nac1 Bxh4 40. Kd4 Ke7 41. f4 Kd6 42. Na2 e5+ 43. fxe5+ fxe5+ 44. Kc3 Bf6 45. Nab4 e4+ 46. Kc2 Bxd3+ 47. Nxd3 exd3+ 48. Kxd3 h5 49. Ke3 h4 50. Kf3 d4 0-1

[Event "BI-2014-F-0000"]
[Site "LSS email"]
[Date "2014.02.21"]
[Round "?"]
[White "Poblete, Litos"]
[Black "Eshuis, Johannes"]
[Result "0-1"]
[WhiteElo "1662"]
[BlackElo "2074"]
[PlyCount "64"]
[EventDate "2014.02.27"]
[EventType "tourn (corr)"]
[EventRounds "10"]
[EventCountry "GER"]
[SourceTitle "Corr 2022"]
[Source "ChessBase"]
[SourceDate "2021.10.24"]
[SourceVersion "1"]
[SourceVersionDate "2021.10.24"]
[SourceQuality "1"]

1. Nf3 Nf6 2. d4 d5 3. c4 c6 4. cxd5 cxd5 5. Nc3 Nc6 6. Bf4 Bf5 7. e3 e6 8. Bd3 Bxd3 9. Qxd3 a6 10. 0-0 Bd6 11. Bxd6 Qxd6 12. a3 0-0 13. Rac1 Rac8 14. Rc2 Rc7 15. Rfc1 Rfc8 16. b4 h6 17. Na4 e5 18. dxe5 Nxe5 19. Nxe5 Qxe5 20. Rxc7 Rxc7 21. Rxc7 Qxc7 22. Qc3 Qxc3 23. Nxc3 Kf8 24. Kf1 Ke7 25. Ke2 Kd6 26. f3 Nd7 27. Nb1 Nb6 28. Kd3 Nc4 29. e4 b5 30. exd5 Kxd5 31. g3 Ne5+ 32. Ke3 Kc4 0-1

[Event "BI-2014-F-0000"]
[Site "LSS email"]
[Date "2014.02.21"]
[Round "?"]
[White "Poblete, Litos"]
[Black "Sandocal, Uzmir"]
[Result "0-1"]
[WhiteElo "1662"]
[BlackElo "1783"]
[PlyCount "40"]
[EventDate "2014.02.27"]
[EventType "tourn (corr)"]
[EventRounds "10"]
[EventCountry "GER"]
[SourceTitle "Corr 2022"]
[Source "ChessBase"]
[SourceDate "2021.10.24"]
[SourceVersion "1"]
[SourceVersionDate "2021.10.24"]
[SourceQuality "1"]

1. Nf3 d5 2. d4 Nc6 3. Bf4 e6 4. e3 Bd6 5. Bxd6 cxd6 6. c3 Nf6 7. Bd3 e5 8. dxe5 dxe5 9. Be2 0-0 10. 0-0 Be6 11. Nbd2 Qe7 12. Qa4 a6 13. Rfd1 Rfc8 14. Nf1 Ne4 15. Ng3 f5 16. c4 b5 17. cxb5 axb5 18. Qxb5 Rab8 19. Qa6 Nb4 20. Qa4 Ra8 0-1

[Event "BI-2014-F-0000"]
[Site "LSS email"]
[Date "2014.02.21"]
[Round "?"]
[White "Voudouris, Nick"]
[Black "Poblete, Litos"]
[Result "1/2-1/2"]
[WhiteElo "1468"]
[BlackElo "1662"]
[PlyCount "43"]
[EventDate "2014.02.27"]
[EventType "tourn (corr)"]
[EventRounds "10"]
[EventCountry "GER"]
[SourceTitle "Corr 2022"]
[Source "ChessBase"]
[SourceDate "2021.10.24"]
[SourceVersion "1"]
[SourceVersionDate "2021.10.24"]
[SourceQuality "1"]

1. d4 c6 2. f4 d5 3. e3 Nf6 4. Bd3 Bg4 5. Nf3 e6 6. 0-0 Be7 7. Nbd2 c5 8. c3 Nc6 9. Qe1 Bxf3 10. Rxf3 Qc7 11. Rh3 cxd4 12. exd4 Qxf4 13. Ne4 Qc7 14. Nxf6+ Bxf6 15. Rxh7 Rxh7 16. Bxh7 0-0-0 17. Qf2 Rh8 18. Bf4 Be5 19. Bxe5 Nxe5 20. dxe5 Rxh7 21. Qxa7 Qxe5 22. Qc5+ 1/2-1/2

[Event "LSS No Engine Cup 105 Preliminary 0"]
[Site "LSS email"]
[Date "2014.02.16"]
[Round "?"]
[White "Ortiz, Juan Guillermo"]
[Black "Poblete, Litos"]
[Result "0-1"]
[WhiteElo "1600"]
[BlackElo "1957"]
[PlyCount "80"]
[EventDate "2014.02.17"]
[EventType "tourn (corr)"]
[EventRounds "6"]
[EventCountry "GER"]
[SourceTitle "Corr 2022"]
[Source "ChessBase"]
[SourceDate "2021.10.24"]
[SourceVersion "1"]
[SourceVersionDate "2021.10.24"]
[SourceQuality "1"]

1. e4 c6 2. Bc4 d5 3. exd5 cxd5 4. Bd3 e5 5. Nc3 Nf6 6. Nge2 Bc5 7. 0-0 0-0 8. Ng3 Nc6 9. a3 Be6 10. b4 Bb6 11. Bb2 Rc8 12. Bf5 Qd7 13. Bxe6 Qxe6 14. Nh5 Nxh5 15. Qxh5 Nd4 16. Rae1 f6 17. Rc1 g6 18. Qh6 Rxc3 19. Bxc3 Ne2+ 20. Kh1 Nxc1 21. d4 Ne2 22. Bb2 Bxd4 23. Bxd4 Nxd4 24. h3 Rc8 25. Qd2 Rxc2 26. Qe3 Qa6 27. Re1 Re2 28. Rxe2 Qxe2 29. Qxe2 Nxe2 30. g4 d4 31. Kg2 e4 32. Kf1 d3 33. h4 Nd4 34. Ke1 Nf3+ 35. Kd1 Nxh4 36. Kd2 Nf3+ 37. Ke3 f5 38. gxf5 gxf5 39. a4 h5 40. b5 h4 0-1

[Event "LSS No Engine Cup 104 Preliminary 0"]
[Site "LSS email"]
[Date "2014.02.05"]
[Round "?"]
[White "Poblete, Litos"]
[Black "Lombardi, Donato"]
[Result "1-0"]
[WhiteElo "1970"]
[BlackElo "1161"]
[PlyCount "57"]
[EventDate "2014.02.06"]
[EventType "tourn (corr)"]
[EventRounds "6"]
[EventCountry "GER"]
[SourceTitle "Corr 2022"]
[Source "ChessBase"]
[SourceDate "2021.10.24"]
[SourceVersion "1"]
[SourceVersionDate "2021.10.24"]
[SourceQuality "1"]

1. d4 d5 2. c4 Nf6 3. cxd5 Nxd5 4. e4 Nb6 5. Bd3 e6 6. Nf3 Bb4+ 7. Nc3 Nc6 8. 0-0 0-0 9. Be3 Be7 10. a3 f5 11. exf5 exf5 12. d5 Nb8 13. b4 N8d7 14. Qb3 Kh8 15. Rad1 Nf6 16. Bb1 Bd6 17. Rfe1 Bd7 18. Bg5 Qc8 19. Nd4 c6 20. dxc6 Bxc6 21. Ne6 Re8 22. Bxf5 Qb8 23. h3 Bd5 24. Nxd5 Nfxd5 25. Rxd5 Nxd5 26. Qxd5 h6 27. Bxh6 gxh6 28. Qd4+ Kg8 29. Qg7# 1-0

[Event "LSS No Engine Cup 103 Preliminary 0"]
[Site "LSS email"]
[Date "2014.01.21"]
[Round "?"]
[White "Poblete, Litos"]
[Black "Kolanek, Roman"]
[Result "0-1"]
[WhiteElo "1970"]
[BlackElo "2223"]
[PlyCount "82"]
[EventDate "2014.01.22"]
[EventType "tourn (corr)"]
[EventRounds "6"]
[EventCountry "GER"]
[SourceTitle "Corr 2022"]
[Source "ChessBase"]
[SourceDate "2021.10.24"]
[SourceVersion "1"]
[SourceVersionDate "2021.10.24"]
[SourceQuality "1"]

1. d4 Nf6 2. c4 e6 3. Nf3 d5 4. cxd5 exd5 5. Nc3 Be7 6. Bf4 0-0 7. e3 Bd6 8. Bxd6 Qxd6 9. Be2 Bg4 10. 0-0 Nbd7 11. Rc1 c6 12. h3 Bh5 13. Nh4 Bxe2 14. Qxe2 Rfe8 15. Nf5 Qb4 16. Ng3 Rad8 17. a3 Qb3 18. Qc2 Qxc2 19. Rxc2 g6 20. Na4 Kg7 21. Nc5 Nxc5 22. Rxc5 Nd7 23. Rc2 a5 24. a4 Kf8 25. Rfc1 Ke7 26. Nf1 Kd6 27. Nd2 Rc8 28. Nb1 f5 29. g3 g5 30. Nc3 h5 31. Ne2 Re7 32. Kg2 Nf8 33. h4 gxh4 34. gxh4 Ne6 35. Ng3 Ng7 36. Kf3 f4 37. exf4 Rf8 38. Re2 Ref7 39. f5 Nxf5 40. Nxf5+ Rxf5+ 41. Kg3 Rg8+ 0-1

[Event "LSS No Engine Cup 103 Preliminary 0"]
[Site "LSS email"]
[Date "2014.01.21"]
[Round "?"]
[White "Poblete, Litos"]
[Black "Tittarelli, Adriano"]
[Result "1-0"]
[WhiteElo "1970"]
[BlackElo "1320"]
[PlyCount "85"]
[EventDate "2014.01.22"]
[EventType "tourn (corr)"]
[EventRounds "6"]
[EventCountry "GER"]
[SourceTitle "Corr 2022"]
[Source "ChessBase"]
[SourceDate "2021.10.24"]
[SourceVersion "1"]
[SourceVersionDate "2021.10.24"]
[SourceQuality "1"]

1. d4 d5 2. c4 e6 3. Nc3 Nf6 4. Bg5 Be7 5. e3 c6 6. Nf3 Nbd7 7. Rc1 0-0 8. Qc2 h6 9. Bh4 dxc4 10. Bxc4 Nb6 11. Bd3 Nfd5 12. Bxe7 Qxe7 13. a3 Bd7 14. Ne4 Rac8 15. Nc5 Be8 16. b4 Nf6 17. 0-0 Nbd5 18. Rfd1 a6 19. g3 Ng4 20. e4 Nde3 21. fxe3 Nxe3 22. Qe2 Nxd1 23. Rxd1 f6 24. Nxe6 Bh5 25. Nxf8 Kxf8 26. Qe3 Rd8 27. Bc4 b5 28. Be2 Re8 29. Ne5 fxe5 30. Bxh5 Rd8 31. Qb3 g6 32. Bxg6 Kg7 33. Bf5 Rxd4 34. Rxd4 exd4 35. Qe6 Qxe6 36. Bxe6 Kf6 37. Bb3 Ke5 38. Bc2 Kd6 39. g4 c5 40. bxc5+ Kxc5 41. h4 Kc4 42. g5 hxg5 43. hxg5 1-0

[Event "LSS No Engine Cup 102 Preliminary 3"]
[Site "LSS email"]
[Date "2014.01.09"]
[Round "?"]
[White "Heiser, Jerome"]
[Black "Poblete, Litos"]
[Result "0-1"]
[WhiteElo "632"]
[BlackElo "1557"]
[PlyCount "112"]
[EventDate "2014.01.10"]
[EventType "tourn (corr)"]
[EventRounds "6"]
[EventCountry "GER"]
[SourceTitle "Telechess CBM 167"]
[Source "ChessBase"]
[SourceDate "2015.07.13"]
[SourceVersion "1"]
[SourceVersionDate "2015.07.13"]
[SourceQuality "1"]

1. e4 c5 2. Nc3 Nc6 3. Nf3 d6 4. d4 cxd4 5. Nxd4 Nf6 6. Bb5 Bd7 7. 0-0 e6 8. Re1 Be7 9. Nxc6 bxc6 10. Bc4 d5 11. exd5 cxd5 12. Bd3 0-0 13. Qf3 Qb6 14. a3 d4 15. Ne4 Bc6 16. b4 a5 17. Bd2 Bxe4 18. Bxe4 Nxe4 19. Qxe4 axb4 20. axb4 Rxa1 21. Rxa1 h6 22. h3 Rb8 23. Ra8 Rxa8 24. Qxa8+ Bf8 25. Qa5 Qc6 26. b5 Qxc2 27. b6 d3 28. b7 Qb1+ 29. Kh2 Qxb7 30. Qc3 Qd5 31. f3 Bc5 32. Bf4 e5 33. Bd2 f5 34. Qc1 e4 35. fxe4 fxe4 36. h4 Qd4 37. Kh3 e3 38. Bc3 d2 39. Bxd2 exd2 40. Qd1 Qe3+ 41. g3 Bd6 42. Kg2 Qxg3+ 43. Kf1 Qe1+ 44. Qxe1 dxe1Q+ 45. Kxe1 Bg3+ 46. Kf1 Bxh4 47. Kg2 g5 48. Kh1 g4 49. Kg2 h5 50. Kh1 Be1 51. Kg2 h4 52. Kh2 h3 53. Kh1 g3 54. Kg1 g2 55. Kh2 Ba5 56. Kg1 Bb6+ 0-1

[Event "LSS No Engine Cup 102 Preliminary 3"]
[Site "LSS email"]
[Date "2014.01.09"]
[Round "?"]
[White "Poblete, Litos"]
[Black "Henke, Simon"]
[Result "0-1"]
[WhiteElo "1557"]
[BlackElo "1505"]
[PlyCount "60"]
[EventDate "2014.01.10"]
[EventType "tourn (corr)"]
[EventRounds "6"]
[EventCountry "GER"]
[SourceTitle "Telechess CBM 167"]
[Source "ChessBase"]
[SourceDate "2015.07.13"]
[SourceVersion "1"]
[SourceVersionDate "2015.07.13"]
[SourceQuality "1"]

1. e4 c5 2. Nf3 g6 3. d4 cxd4 4. Qxd4 Nf6 5. e5 Nc6 6. Qa4 Nd5 7. Qe4 Ndb4 8. c3 d5 9. exd6 Bf5 10. Qxb4 Nxb4 11. cxb4 Qxd6 12. Bb5+ Bd7 13. Bxd7+ Qxd7 14. 0-0 Bg7 15. Nc3 0-0 16. Be3 b6 17. Rfd1 Qc7 18. Rac1 Qb7 19. a3 Rac8 20. Bd4 Rfd8 21. Bxg7 Kxg7 22. Re1 e6 23. h3 Rd6 24. Nb5 Rxc1 25. Rxc1 Rd5 26. Nc3 Qc8 27. Re1 Qc4 28. Nxd5 Qxd5 29. Rc1 Qb3 30. Rc7 Qd1+ 0-1

[Event "RC-2013-0-00137"]
[Site "LSS email"]
[Date "2014.01.05"]
[Round "?"]
[White "Billio, Maria"]
[Black "Poblete, Litos"]
[Result "1-0"]
[WhiteElo "1728"]
[BlackElo "1557"]
[PlyCount "67"]
[EventDate "2013.11.26"]
[EventType "tourn (corr)"]
[EventRounds "6"]
[EventCountry "GER"]
[SourceTitle "Telechess CBM 167"]
[Source "ChessBase"]
[SourceDate "2015.07.13"]
[SourceVersion "1"]
[SourceVersionDate "2015.07.13"]
[SourceQuality "1"]

1. d4 Nf6 2. c3 d5 3. Bf4 e6 4. e3 c5 5. Nd2 Nc6 6. Ngf3 Qb6 7. Qc2 Bd7 8. Bd3 Rc8 9. Qb1 cxd4 10. exd4 Be7 11. 0-0 h6 12. Re1 0-0 13. h3 Na5 14. a4 Nb3 15. Nxb3 Qxb3 16. a5 Bb5 17. Bc2 Qc4 18. Ne5 Qc7 19. Ng6 Qd7 20. Nxf8 Kxf8 21. Be5 Rc6 22. f4 Qd8 23. f5 Nd7 24. fxe6 Nxe5 25. Rxe5 Rxe6 26. Rxe6 fxe6 27. Bd3 Bd7 28. Qf1+ Kg8 29. Bb5 Bc8 30. a6 b6 31. Qf4 Qd6 32. Qxd6 Bxd6 33. c4 Kf7 34. Rc1 1-0

[Event "ZI-2013-0-01729"]
[Site "LSS email"]
[Date "2013.11.25"]
[Round "?"]
[White "Poblete, Litos"]
[Black "Reede, Arvo"]
[Result "0-1"]
[WhiteElo "1644"]
[BlackElo "1741"]
[PlyCount "64"]
[EventDate "2013.11.15"]
[EventType "match (corr)"]
[EventRounds "2"]
[EventCountry "GER"]
[SourceTitle "Telechess CBM 163"]
[Source "ChessBase"]
[SourceDate "2014.11.11"]
[SourceVersion "2"]
[SourceVersionDate "2014.11.11"]
[SourceQuality "1"]

1. e4 e5 2. Nf3 Nc6 3. Bb5 Nf6 4. d3 d6 5. 0-0 Be7 6. c3 0-0 7. Re1 Bg4 8. Nbd2 a6 9. Ba4 b5 10. Bc2 d5 11. exd5 Qxd5 12. Qe2 Rad8 13. Ne4 Nxe4 14. dxe4 Qd6 15. Be3 Qg6 16. Kh1 Rd6 17. h3 Qh5 18. Kg1 Be6 19. Nd2 Qg6 20. Qf3 Rfd8 21. Nb3 Bh4 22. Rad1 a5 23. Bc5 a4 24. Nc1 Rd2 25. Rxd2 Rxd2 26. Re2 Rxe2 27. Nxe2 Bxa2 28. Bd3 Bc4 29. Bxc4 bxc4 30. Kh2 Na5 31. Ng3 Bxg3+ 32. Qxg3 Qxe4 0-1

[Event "ZI-2013-0-01728"]
[Site "LSS email"]
[Date "2013.11.22"]
[Round "?"]
[White "Poblete, Litos"]
[Black "Gumenchuk, Aleksandr"]
[Result "1-0"]
[WhiteElo "1585"]
[BlackElo "1749"]
[PlyCount "61"]
[EventDate "2013.11.13"]
[EventType "match (corr)"]
[EventRounds "2"]
[EventCountry "GER"]
[SourceTitle "Telechess CBM 167"]
[Source "ChessBase"]
[SourceDate "2015.07.13"]
[SourceVersion "1"]
[SourceVersionDate "2015.07.13"]
[SourceQuality "1"]

1. d4 d5 2. c4 e6 3. Nc3 Nf6 4. Bg5 Be7 5. e3 0-0 6. Nf3 h6 7. Bh4 b6 8. cxd5 Nxd5 9. Bxe7 Nxe7 10. Bd3 Bb7 11. 0-0 Nd7 12. Rc1 Nf6 13. Ne5 Rc8 14. Qe2 c5 15. dxc5 Rxc5 16. f4 Ned5 17. Ne4 Nxe4 18. Bxe4 Qc7 19. Rxc5 Qxc5 20. Nd7 Qxe3+ 21. Qxe3 Nxe3 22. Nxf8 Nxf1 23. Bxb7 Ne3 24. Nd7 f6 25. Ba6 Nd1 26. b4 Kf7 27. Nb8 Nc3 28. f5 Nxa2 29. fxe6+ Kxe6 30. Bc4+ Kd6 31. Bxa2 1-0

[Event "BI-2013-P-0000"]
[Site "LSS email"]
[Date "2013.04.22"]
[Round "?"]
[White "Wittal, Werner"]
[Black "Poblete, Litos"]
[Result "1-0"]
[WhiteElo "2046"]
[BlackElo "1708"]
[PlyCount "65"]
[EventDate "2013.04.25"]
[EventType "tourn (corr)"]
[EventRounds "10"]
[EventCountry "GER"]
[SourceTitle "Corr 2022"]
[Source "ChessBase"]
[SourceDate "2021.10.24"]
[SourceVersion "1"]
[SourceVersionDate "2021.10.24"]
[SourceQuality "1"]

1. e4 e5 2. Nf3 Nf6 3. Nxe5 d6 4. Nf3 Nxe4 5. d4 d5 6. Bd3 Be7 7. 0-0 0-0 8. c4 Nf6 9. Nc3 dxc4 10. Bxc4 Nbd7 11. Re1 Nb6 12. Bb3 c6 13. Bg5 Re8 14. Qd3 Bg4 15. Ne5 Nfd5 16. Bd2 Bd7 17. h3 Bd6 18. Qf3 Be6 19. Ne4 Qc7 20. Nd3 Nd7 21. Ng5 Nf8 22. Rac1 Nf6 23. Ne5 Bxb3 24. Qxb3 Re7 25. Ngxf7 Rxf7 26. Ba5 Qe7 27. Nxc6 Qd7 28. Ne5 Bxe5 29. dxe5 Qd5 30. exf6 Qxb3 31. axb3 gxf6 32. Rcd1 Rc8 33. Rd6 1-0